01014cam a22002411 450000100060000000300080000600500170001400800410003103500190007204000340009104100080012508200200013310000610015324500960021426000510031030000270036150400510038865000270043994200120046699900170047895201400049595201370063511552BD-RjUL20211208235138.0140127s1954 mau b 001 0 eng d a(BD-RjUL)11601 aDLCcDLCdDLCd(BD-RjUL)beng aeng00a340.1bHOL 19541 aHoebel, E. Adamsonq(Edward Adamson),d1906-1993.93573714aThe law of primitive man :ba study in comparative legal dynamics /cby E. Adamson Hoebel, aCambridge :bHarvard University Press,cc1954. aviii, 357 p. ;c22 cm. aIncludes Index and Bibliography: p. [335]-349. 0aLaw, Primitive.935738 2ddccBK c11552d11552 00102ddc40718NFICaRUCLbRUCLcReadingd1968-11-28eZeitleingerg62.00l0o340.1 HOL 1954r2014-01-27 00:00:00tC-1w2014-01-27yBK 00102ddc40708NFICaRUCLbRUCLcStackd1969-06-09eZeitlingerg62.00l0o340.1 HOL 1964r2017-04-29 00:00:00tC-2w2021-12-08yBK